00782nam a22002537a 4500003001100000005001700011008004100028020001500069040003900084041000800123082001700131100002500148245005300173260003600226300001900262490002300281650002700304650003300331650002400364650002600388942000700414952009200421999001500513LK-CoMWRAF20231207091447.0231202b1997 |||||||| |||| 00| 0 eng d a8175540672 aLK-CoMWRAFdLK-CoMWRAFeLK-CoMWRAF aeng a658.452bTIE a Tierney, Elizabeth  a 30 minutes - to boost your communication skills aNew Delhi:b Kogan Page, c1997 a 64 p. ; 18 cm a 30 minutes series aBUSINESS COMMUNICATION aInterpersonal communication  aOral communication  aWritten communication cBK 00104070aMAINbMAINd2023-12-02l0o658.452 TIEpRAF3275r2023-12-02w2023-12-02yBK c4275d4275